Frajerku ešte nemá, v skúšobni a na koncertoch sa hľadá ťažko Miro Šmajda bude takmer celé leto zavretý v nahrávacom štúdiu a pracovať na novom albume

Bibliographic Details
Main Author: Novotná, Anna (Author)
Format: Article
Language:Slovak
PhysicalDescription:Obr.
ISSN:1336-5320
Subjects:

MARC

LEADER 00000nab a2200000 a 4500
001 vtls010284919
003 SK-MaSNL
005 20260303081809.0
008 110609 2010 xo r r 000 0 slo
038 |a KEVKJB 
040 |a KEVKJB  |b slo  |c KEVKJB  |e AACR2 
041 0 |a slo 
044 |a xo  |c SK 
080 |a 78.071.1  |2 2001 
080 |a 929 Šmajda, Miro  |2 2001 
100 1 |a Novotná, Anna  |4 aut  |9 450182 
245 1 0 |a Frajerku ešte nemá, v skúšobni a na koncertoch sa hľadá ťažko  |b Miro Šmajda bude takmer celé leto zavretý v nahrávacom štúdiu a pracovať na novom albume  |c Anna Novotná 
300 |b Obr. 
600 1 7 |a Šmajda, Miroslav,  |d 1988-  |2 kevkjb  |9 136707 
651 7 |a Košice (Slovensko)  |2 kevkjb  |9 18694 
773 0 |t Košický večer  |g Roč. 21(42), č. 26 (2.7.2010), s. 4  |x 1336-5320 
852 |a KEVKJB  |b KIS3GCP 
958 |a BX 
999 |c 1785913  |d 1787843